LEADER 03759nam 22006855 450 001 9910349441003321 005 20251113174439.0 010 $a9783030175931 010 $a3030175936 024 7 $a10.1007/978-3-030-17593-1 035 $a(CKB)4100000009522844 035 $a(DE-He213)978-3-030-17593-1 035 $a(MiAaPQ)EBC5945791 035 $a(PPN)258059222 035 $a(MiAaPQ)EBC5945691 035 $a(EXLCZ)994100000009522844 100 $a20191014d2019 u| 0 101 0 $aeng 135 $aurnn#008mamaa 181 $ctxt$2rdacontent 182 $cc$2rdamedia 183 $acr$2rdacarrier 200 10$aCell Migrations: Causes and Functions /$fedited by Caterina A. M. La Porta, Stefano Zapperi 205 $a1st ed. 2019. 210 1$aCham :$cSpringer International Publishing :$cImprint: Springer,$d2019. 215 $a1 online resource (VII, 135 p. 42 illus., 39 illus. in color.) 225 1 $aAdvances in Experimental Medicine and Biology,$x2214-8019 ;$v1146 311 08$a9783030175924 311 08$a3030175928 320 $aIncludes bibliographical references and index. 327 $aComputational modeling of Collective Cell Migration: Mechanical and biochemical aspects -- Contour models of cellular adhesion -- Force and Collective Epithelial Activities -- Continuum models of collective cell migration -- Statistical features of collective cell migration -- Cell migration in microfluidic devices: Invadosomes formation in confined environments -- Collective Cell Migration in Development -- Nuclear mechanics and cancer cell migration. 330 $aCell migration plays an important role during development and in many physiological and pathological processes, from wound healing to cancer. This edited volume presents a collection of contributions meant to illustrate the state of the art on this topic from an interdisciplinary perspective. Readers will find a detailed discussion of the properties of individual and collective cell migration, including the associated biochemical regulation and important biophysical and biomechanical aspects. The book includes information on the latest experimental techniques employed to study cell migration, from microfluidics to traction force microscopy, as well as the latest theoretical and computational models used to interpret the experimental data. Finally, the role of cell migration in cancer and in development is also reviewed. The contents of this work should appeal to students and researchers in biology and biophysics who want to get up to date on the latest interdisciplinary development in this broad field of research. The chapters are written in a self-contained form and can also be used as individual articles. 410 0$aAdvances in Experimental Medicine and Biology,$x2214-8019 ;$v1146 606 $aCytology 606 $aBioinformatics 606 $aBiophysics 606 $aBiology$xTechnique 606 $aCell Biology 606 $aComputational and Systems Biology 606 $aBiophysics 606 $aBiological Techniques 615 0$aCytology. 615 0$aBioinformatics. 615 0$aBiophysics. 615 0$aBiology$xTechnique. 615 14$aCell Biology. 615 24$aComputational and Systems Biology. 615 24$aBiophysics. 615 24$aBiological Techniques. 676 $a571.6 676 $a571.67 702 $aLa Porta$b Caterina$f1966-$4edt$4http://id.loc.gov/vocabulary/relators/edt 702 $aZapperi$b Stefano$4edt$4http://id.loc.gov/vocabulary/relators/edt 801 0$bMiAaPQ 801 1$bMiAaPQ 801 2$bMiAaPQ 906 $aBOOK 912 $a9910349441003321 996 $aCell Migrations: Causes and Functions$92022543 997 $aUNINA LEADER 04442oam 2200853 c 450 001 9910372792303321 005 20260302090207.0 010 $a9783839409640 010 $a3839409640 024 7 $a10.14361/9783839409640 035 $a(CKB)3710000000482800 035 $a(OAPEN)1007412 035 $a(DE-B1597)461337 035 $a(OCoLC)979908528 035 $a(OCoLC)980174575 035 $a(DE-B1597)9783839409640 035 $a(MiAaPQ)EBC5494334 035 $a(Au-PeEL)EBL5494334 035 $a(OCoLC)1049913846 035 $a(transcript Verlag)9783839409640 035 $a(MiAaPQ)EBC6955790 035 $a(Au-PeEL)EBL6955790 035 $a(oapen)https://directory.doabooks.org/handle/20.500.12854/28378 035 $a(ScCtBLL)0947fcf4-61de-4462-a818-a3275efadab9 035 $a(oapen)doab28378 035 $a(EXLCZ)993710000000482800 100 $a20260302h20152008 uy 0 101 0 $aeng 135 $auuuuu---auuuu 181 $ctxt$2rdacontent 182 $cc$2rdamedia 183 $acr$2rdacarrier 200 04$aThe Social Life of Anti-Terrorism Laws$eThe War on Terror and the Classifications of the »Dangerous Other«$fJulia M. Eckert 205 $a1st ed. 210 $aBielefeld$ctranscript Verlag$d2015 210 $d2015, c2008 215 $a1 online resource (196) 225 0 $aSozialtheorie 311 08$a9783899429640 311 08$a3899429648 327 $aFrontmatter 1 Contents 5 Laws for Enemies 7 Liberalism versus Terrorism: Warfare, Crime Control, and the United States after 11 September 33 Suspect Subjects: Muslim Migrants and the Security Agencies in Germany 55 Political Rationalities, Counter-terrorism and Policies on Islam in the United Kingdom and France 79 Documents, Security and Suspicion: the Social Production of Ignorance 109 The Danger of 'Undergoverned' Spaces: the 'War on Terror' and its Effects on the Sahel Region 131 Islamic Activism and Anti-terrorism Legislation in Morocco 163 Notes on Contributors 193 330 $aThis book addresses two developments in the conceptualisation of citizenship that arise from the »war on terror«, namely the re-culturalisation of membership in a polity and the re-moralisation of access to rights. Taking an anthropological perspective, it traces the ways in which the trans-nationalisation of the »war on terror« has affected notions of »the dangerous other« in different political and social contexts, asking what changes in the ideas of the state and of the nation have been promoted by the emerging culture of security, and how these changes affect practices of citizenship and societal group relations. 330 1 $a»Hier liegt die große Stärke des Bandes: Mit rechtssoziologischen, ethnographischen und diskursanalytischen Perspektiven auf die Details breit gefächerter Fallbeispiele werden die vielen Facetten und die uneinheitlichen Effekte des ?War on Terror? deutlich.« 330 1 $a»Die Konkretheit des Ausgangsproblems und die Anschaulichkeit der vielen Fallstudien machen die Lektüre zum Genuss. Das Buch bereichert zunächst die Stafrechtssoziologie und darüber hinaus die Staatswissenschaft.« 330 1 $aReviewed in:Zeitschrift für Rechtssoziologie, 29 (2008), Rüdiger LautmannBehemoth. A Journal on Civilisation, 3 (2009), Elena Buck/Patricia Deuser/Mathias Rodatz 330 1 $a»Die Stärke des Sammelbandes liegt [...] in der Betrachtung des sozialen Gefüges in den heterogenen Beispielfällen.« 410 0$aSozialtheorie 517 2 $aEckert (ed.), The Social Life$eThe War on Terror and the Classifications of the »Dangerous Other« 606 $aSecurity 606 $aCitizenship 606 $aTerror 606 $aLaw 606 $aViolence 606 $aInternational Relations 606 $aTerrorism 606 $aPolitical Science 615 4$aSecurity 615 4$aCitizenship 615 4$aTerror 615 4$aLaw 615 4$aViolence 615 4$aInternational Relations 615 4$aTerrorism 615 4$aPolitical Science 676 $a341.67 686 $aMD 8920$2rvk 702 $aEckert$b Julia M$p

Julia M. Eckert, University of Bern, Schweiz

$4edt 801 0$bMiAaPQ 801 1$bMiAaPQ 801 2$bMiAaPQ 906 $aBOOK 912 $a9910372792303321 996 $aThe Social Life of Anti-Terrorism Laws$94415693 997 $aUNINA